000
00282nam a22001217a 4500
008
170608b xxu||||| |||| 00| 0 eng d
041
_a
eng
080
_a
328
100
_a
18
101
_a
SWHP
245
_a
PROCEEDINGS NENETY ANNUAL CONFERENCE
_c
CHERMICK.H
942
_2
udc
_c
BK
999
_c
16504
_d
16504